[Event "TV2 Chess International"]
[Site "Fagernes"]
[Date "2015.12.27"]
[Round "6"]
[White "Getz, Nicolai"]
[Black "Mihajlov, Sebastian"]
[Result "1/2-1/2"]
[WhiteElo "2410"]
[BlackElo "2335"]
[PlyCount "103"]
[EventDate "2015.??.??"]

1. c4 c6 2. Nf3 Nf6 3. Nc3 d5 4. e3 e6 5. d4 Nbd7 6. a3 Bd6 7. Be2 dxc4 8. Bxc4
O-O 9. O-O e5 10. e4 Qe7 11. d5 Nb6 12. Bb3 Bg4 13. dxc6 bxc6 14. h3 Bh5 15. g4
Bg6 16. Nh4 Rad8 17. Qf3 Kh8 18. Nf5 Bxf5 19. exf5 e4 20. Qg2 Nbd5 21. Re1 Nxc3
22. bxc3 Qe5 23. Rb1 Rde8 24. Be3 Nd5 25. Bd4 Qe7 26. Bxd5 cxd5 27. Rb5 Rd8 28.
Rxd5 Bh2+ 29. Qxh2 Rxd5 30. f6 gxf6 31. Qf4 Rxd4 32. cxd4 Kg7 33. Re3 Re8 34.
f3 Qd7 35. Rxe4 Rxe4 36. Qxe4 Qd6 37. Qd3 Qg3+ 38. Kf1 Qxh3+ 39. Ke2 Qh2+ 40.
Kd1 f5 41. gxf5 h5 42. d5 Qg1+ 43. Kd2 Qf2+ 44. Kc3 h4 45. d6 Qc5+ 46. Kd2 Qf2+
47. Kd1 Qg1+ 48. Ke2 Qh2+ 49. Ke3 Qe5+ 50. Kd2 Qb2+ 51. Ke3 Qe5+ 52. Kd2
1/2-1/2

[Event "TV2 Chess International"]
[Site "Fagernes"]
[Date "2015.12.27"]
[Round "6"]
[White "Merkesvik, Sondre"]
[Black "Nordquelle, Daniel"]
[Result "0-1"]
[WhiteElo "2190"]
[BlackElo "2115"]
[PlyCount "144"]
[EventDate "2015.??.??"]

1. d4 Nf6 2. Nf3 e6 3. c4 c5 4. g3 cxd4 5. Nxd4 Nc6 6. Bg2 Bc5 7. e3 O-O 8. O-O
d5 9. Nc3 Bxd4 10. cxd5 Bxc3 11. dxc6 Bxb2 12. Bxb2 bxc6 13. Ba3 Ba6 14. Bxc6
Bxf1 15. Bxf8 Qxd1 16. Rxd1 Rxf8 17. Kxf1 Rc8 18. Bb7 Rb8 19. a4 Kf8 20. Bf3
Rb4 21. Bc6 Ke7 22. h4 Rc4 23. Bb5 Rb4 24. Rc1 a6 25. Bc6 Nd5 26. Ke2 Kd6 27.
Be8 Ke7 28. Rc8 Nb6 29. Rb8 Nd5 30. Rc8 Nb6 31. Rb8 Rb2+ 32. Kf3 Nxa4 33. Ra8
Nb6 34. Rb8 Nc4 35. Ra8 Ne5+ 36. Kg2 Ng4 37. Bc6 Rxf2+ 38. Kg1 Rc2 39. Ra7+ Kf6
40. Be8 Ne5 41. Rxa6 Rc3 42. Kf2 Ng4+ 43. Kf3 h5 44. Ra7 Rxe3+ 45. Kg2 Ne5 46.
Kf2 Rf3+ 47. Kg2 Rb3 48. Kf2 Rb8 49. Ba4 Rb2+ 50. Kf1 Ra2 51. Ra8 Nc4 52. Bc6
Ne3+ 53. Kg1 Rxa8 54. Bxa8 Nd5 55. Kf2 Kf5 56. Kf3 Nf6 57. Bb7 g5 58. hxg5 Kxg5
59. Ba6 Ng4 60. Be2 f5 61. Bd1 e5 62. Ba4 e4+ 63. Ke2 f4 64. Bc6 Kf5 65. Bd7+
Ke5 66. gxf4+ Kxf4 67. Kf1 Kf3 68. Kg1 h4 69. Bc8 h3 70. Bd7 Kg3 71. Bc6 h2+
72. Kh1 Nf2#
0-1

[Event "TV2 Chess International"]
[Site "Fagernes"]
[Date "2015.12.27"]
[Round "6"]
[White "Gutsko, Anastasia"]
[Black "Kaasen, Tor Fredrik"]
[Result "0-1"]
[WhiteElo "2177"]
[BlackElo "2168"]
[PlyCount "74"]
[EventDate "2015.??.??"]

1. e4 c5 2. Nf3 d6 3. Bb5+ Nd7 4. O-O a6 5. Bd3 Ngf6 6. c3 b5 7. Bc2 Bb7 8. Re1
c4 9. b3 Nc5 10. e5 dxe5 11. Nxe5 Qd5 12. f3 Nd3 13. Bxd3 cxd3 14. Re3 e6 15.
Ba3 Bxa3 16. Nxa3 Qd6 17. b4 Nd5 18. Re4 Nxc3 19. dxc3 Bxe4 20. Nxf7 Kxf7 21.
fxe4 Rhd8 22. Qf3+ Kg8 23. Rd1 Rac8 24. Nb1 Rc7 25. Qe3 e5 26. h3 h6 27. Kh2
Rc4 28. Kg1 Kh7 29. Kh2 Qg6 30. Re1 Qg5 31. Qf3 Qf4+ 32. Kg1 d2 33. Rd1 Rxe4
34. Qxf4 exf4 35. Kf2 Re3 36. Rxd2 Rxd2+ 37. Nxd2 Rxc3
0-1

[Event "TV2 Chess International"]
[Site "Fagernes"]
[Date "2015.12.27"]
[Round "6"]
[White "Ranaldi, Lucas"]
[Black "Machlik, Edit"]
[Result "1-0"]
[WhiteElo "2140"]
[BlackElo "2034"]
[PlyCount "65"]
[EventDate "2015.??.??"]

1. d4 Nf6 2. c4 e6 3. Nc3 Bb4 4. e3 Ne4 5. Qc2 f5 6. Bd3 O-O 7. Nge2 b6 8. O-O
Nxc3 9. bxc3 Be7 10. e4 d6 11. exf5 exf5 12. Re1 g6 13. Nf4 Bf6 14. Nd5 Bg7 15.
h4 Nd7 16. Ne7+ Kh8 17. Bg5 Nf6 18. h5 Rf7 19. Nd5 Kg8 20. hxg6 hxg6 21. Nf4
Kh7 22. Re3 Bh8 23. Rh3+ Kg7 24. Rh6 Qd7 25. Re1 Re7 26. Rxg6+ Kf7 27. Rxe7+
Qxe7 28. Qd1 Be6 29. Bxf6 Bxf6 30. Qh5 Rg8 31. Qh7+ Rg7 32. Rxg7+ Bxg7 33. Qg6+
1-0

[Event "TV2 Chess International"]
[Site "Fagernes"]
[Date "2015.12.27"]
[Round "7"]
[White "Vovk, Andrey"]
[Black "Postny, Evgeny"]
[Result "1-0"]
[WhiteElo "2617"]
[BlackElo "2670"]
[PlyCount "85"]
[EventDate "2015.??.??"]

1. e4 e5 2. Nf3 Nc6 3. Bc4 Nf6 4. Ng5 d5 5. exd5 Na5 6. Bb5+ Bd7 7. Qe2 Be7 8.
Nc3 Bxb5 9. Qxb5+ c6 10. dxc6 Nxc6 11. Qxb7 Nd4 12. O-O O-O 13. Nge4 Nxc2 14.
Rb1 Qd3 15. Nxf6+ Bxf6 16. Qe4 Qxe4 17. Nxe4 Be7 18. b3 f5 19. Ng3 Nb4 20. Ba3
Rad8 21. Rfe1 Rxd2 22. Rxe5 Rxa2 23. Rxe7 Rxa3 24. Rd1 Nc6 25. Rc7 Rd8 26. Re1
Nd4 27. Nh5 Rxb3 28. Rxg7+ Kh8 29. Rxa7 Rb6 30. Kh1 Rh6 31. Rd7 Rc8 32. Nf4 Nc6
33. g3 Rg8 34. Kg2 Rf6 35. Nd5 Rh6 36. Rf7 Nd4 37. Rd1 Ne6 38. Ne7 Re8 39. Nxf5
Rg6 40. Rdd7 Ng5 41. Rfe7 Rf8 42. h4 Rxf5 43. hxg5
1-0

[Event "TV2 Chess International"]
[Site "Fagernes"]
[Date "2015.12.27"]
[Round "7"]
[White "Pavlovic, Milos"]
[Black "Vovk, Yuri"]
[Result "0-1"]
[WhiteElo "2496"]
[BlackElo "2626"]
[PlyCount "62"]
[EventDate "2015.??.??"]

1. e4 c5 2. Nf3 d6 3. d4 cxd4 4. Nxd4 Nf6 5. Nc3 a6 6. Be3 Ng4 7. Bc1 Nf6 8.
Be3 e5 9. Nf3 Qc7 10. a4 Be7 11. Be2 O-O 12. O-O Nbd7 13. Nd2 Nc5 14. Bg5 Be6
15. Bxf6 Bxf6 16. Nc4 Rad8 17. Ra3 Qc6 18. Nd5 Nxe4 19. Ncb6 Bg5 20. Bf3 f5 21.
Bxe4 fxe4 22. Rg3 Bf6 23. Re1 Bh4 24. Rxe4 Bxg3 25. Ne7+ Kh8 26. Nxc6 Bxf2+ 27.
Kh1 bxc6 28. a5 Rf5 29. h3 Rdf8 30. Kh2 d5 31. g4 Rf3
0-1

[Event "TV2 Chess International"]
[Site "Fagernes"]
[Date "2015.12.27"]
[Round "7"]
[White "Nordquelle, Daniel"]
[Black "Antal, Gergely"]
[Result "0-1"]
[WhiteElo "2115"]
[BlackElo "2565"]
[PlyCount "76"]
[EventDate "2015.??.??"]

1. e4 d5 2. exd5 Qxd5 3. Nf3 Bg4 4. Be2 Nc6 5. O-O O-O-O 6. h3 Bh5 7. d3 Nf6 8.
Be3 e5 9. Nc3 Qd7 10. Ng5 Bxe2 11. Qxe2 Bb4 12. Nce4 h6 13. a3 Bf8 14. Nf3 Nd5
15. b4 f5 16. Nc5 Bxc5 17. Bxc5 Rhe8 18. Qd2 b6 19. b5 e4 20. bxc6 Qxc6 21. Nd4
Qxc5 22. Nxf5 Nc3 23. Rae1 Rd7 24. Ng3 Ree7 25. Qf4 Rf7 26. Qg4 exd3 27. cxd3
Qd4 28. Ne4 Kb7 29. Rc1 Rf4 30. Qh5 Rd5 31. Qe8 Ne2+ 32. Kh1 Nxc1 33. Rxc1 Rd7
34. Rb1 Rff7 35. Rb4 Qd5 36. a4 a6 37. f3 Rd8 38. Nc5+ Ka7
0-1

[Event "TV2 Chess International"]
[Site "Fagernes"]
[Date "2015.12.27"]
[Round "7"]
[White "Urkedal, Frode Olav Olsen"]
[Black "Getz, Nicolai"]
[Result "1-0"]
[WhiteElo "2507"]
[BlackElo "2410"]
[PlyCount "79"]
[EventDate "2015.??.??"]

1. c4 e6 2. Nc3 d5 3. d4 Be7 4. Bf4 Nf6 5. e3 O-O 6. a3 b6 7. cxd5 Nxd5 8. Nxd5
exd5 9. Bd3 Bd6 10. Bg3 c6 11. Nf3 g6 12. Qc2 c5 13. dxc5 bxc5 14. O-O Bxg3 15.
hxg3 Qb6 16. e4 Bb7 17. exd5 Bxd5 18. Ne5 Qb7 19. Ng4 Nd7 20. Qc3 h5 21. Ne3
Be6 22. Bc4 Bxc4 23. Nxc4 Nb6 24. Nd6 Qc6 25. Rad1 Nc8 26. Nc4 Nb6 27. Ne5 Qc7
28. Rfe1 Rad8 29. Rxd8 Rxd8 30. g4 Nd5 31. Qf3 hxg4 32. Nxg4 Kg7 33. g3 f5 34.
Ne3 Nxe3 35. Qxe3 Rf8 36. Qc3+ Kh6 37. Re5 c4 38. Qe3+ Kh5 39. Re7 f4 40. Qf3+
1-0

[Event "TV2 Chess International"]
[Site "Fagernes"]
[Date "2015.12.27"]
[Round "7"]
[White "Kaasen, Tor Fredrik"]
[Black "Turner, Matthew J"]
[Result "0-1"]
[WhiteElo "2168"]
[BlackElo "2493"]
[PlyCount "98"]
[EventDate "2015.??.??"]

1. d4 d5 2. c4 c6 3. Nf3 Nf6 4. e3 Bg4 5. h3 Bh5 6. Be2 Nbd7 7. Nbd2 e6 8. O-O
Be7 9. b3 O-O 10. Bb2 c5 11. Rc1 Rc8 12. Ne5 Bxe2 13. Qxe2 cxd4 14. exd4 Qa5
15. cxd5 Qxd5 16. Ndc4 Nb6 17. Nxb6 axb6 18. Nc4 Rc6 19. Ne5 Rxc1 20. Rxc1 b5
21. Qd2 Ra8 22. Qc2 Ne8 23. a3 Bf8 24. b4 Nd6 25. Qc5 Qb3 26. Qc3 Qxc3 27. Rxc3
f6 28. Nd7 Nc4 29. Bc1 Rd8 30. Nc5 Rxd4 31. Nxe6 Rd1+ 32. Kh2 Bd6+ 33. Bf4 Kf7
34. Bxd6 Kxe6 35. Bf8 Kf7 36. Bc5 Ra1 37. Rd3 b6 38. Bd4 Rxa3 39. Rxa3 Nxa3 40.
Bxb6 Nc2 41. Bc5 Ke6 42. Kg3 Kd5 43. Kg4 Kc4 44. Kf5 Nxb4 45. Bf8 Nd5 46. Bxg7
b4 47. Bf8 b3 48. Ba3 Kc3 49. Ke6 Nc7+
0-1

[Event "TV2 Chess International"]
[Site "Fagernes"]
[Date "2015.12.27"]
[Round "7"]
[White "Hansen, Torbjørn R."]
[Black "Machlik, Edit"]
[Result "1-0"]
[WhiteElo "2472"]
[BlackElo "2034"]
[PlyCount "83"]
[EventDate "2015.??.??"]

1. c4 e5 2. Nc3 Nf6 3. Nf3 Nc6 4. e3 d5 5. cxd5 Nxd5 6. Bb5 Nxc3 7. bxc3 Bd6 8.
d4 Bd7 9. Rb1 Qe7 10. O-O O-O 11. Nd2 Na5 12. Bd3 Rab8 13. Re1 b5 14. f4 f6 15.
Ne4 Nc4 16. Qh5 g6 17. Qh4 Kg7 18. Nxd6 cxd6 19. fxe5 dxe5 20. e4 g5 21. Qg3 h6
22. h4 Kg6 23. Rf1 Qd6 24. a4 a6 25. Ra1 Rfc8 26. Ra2 bxa4 27. Raf2 Bb5 28.
Rxf6+ Qxf6 29. Rxf6+ Kxf6 30. hxg5+ hxg5 31. Qxg5+ Ke6 32. Bxc4+ Bxc4 33. Qxe5+
Kd7 34. Ba3 Rb1+ 35. Kh2 Rc6 36. d5 Rh6+ 37. Kg3 Rg6+ 38. Kf2 Rf1+ 39. Ke3 Bb5
40. c4 Bxc4 41. Qe7+ Kc8 42. Qe8+
1-0

[Event "TV2 Chess International"]
[Site "Fagernes"]
[Date "2015.12.27"]
[Round "7"]
[White "Mihajlov, Sebastian"]
[Black "Ranaldi, Lucas"]
[Result "1-0"]
[WhiteElo "2335"]
[BlackElo "2140"]
[PlyCount "107"]
[EventDate "2015.??.??"]

1. d4 Nf6 2. c4 e6 3. Nf3 b6 4. a3 a5 5. Nc3 Bb7 6. g3 Be7 7. Bg2 O-O 8. d5 d6
9. Nd4 e5 10. Nf5 Bc8 11. e4 Re8 12. O-O Bf8 13. Qf3 g6 14. Nh6+ Bxh6 15. Bxh6
Bg4 16. Qe3 Bd7 17. h3 Qc8 18. Kh2 Nh5 19. f4 exf4 20. gxf4 Qd8 21. Bg5 f6 22.
Bh4 Na6 23. e5 dxe5 24. fxe5 g5 25. Qf3 gxh4 26. Qxh5 Rxe5 27. Qxh4 Bf5 28. Be4
Qd6 29. Kh1 Bg6 30. Bxg6 hxg6 31. Ne4 Rxe4 32. Qxe4 Kf7 33. Qf4 Qxf4 34. Rxf4
Re8 35. Rd1 f5 36. d6 cxd6 37. Rxd6 Re1+ 38. Kg2 Re2+ 39. Rf2 Re6 40. Rfd2 Nc5
41. Rxe6 Kxe6 42. Rd5 g5 43. Kf3 Ne4 44. Ke3 Nd6 45. Kd4 a4 46. Re5+ Kf6 47.
Rd5 Ke6 48. c5 bxc5+ 49. Rxc5 Ne4 50. Rc6+ Kd7 51. Rg6 Ke7 52. Ke5 Kf7 53. Kxf5
Ng3+ 54. Kxg5
1-0

[Event "TV2 Chess International"]
[Site "Fagernes"]
[Date "2015.12.27"]
[Round "7"]
[White "Gutsko, Anastasia"]
[Black "Merkesvik, Sondre"]
[Result "0-1"]
[WhiteElo "2177"]
[BlackElo "2190"]
[PlyCount "80"]
[EventDate "2015.??.??"]

1. e4 Nf6 2. e5 Nd5 3. d4 d6 4. c4 Nb6 5. exd6 exd6 6. Nc3 Be7 7. Bd3 Nc6 8.
Be3 Bf6 9. Nge2 Bg4 10. f3 Bh5 11. O-O Nb4 12. Nf4 Nxd3 13. Qxd3 Bg6 14. Nxg6
hxg6 15. Rae1 O-O 16. f4 Qd7 17. f5 gxf5 18. Rxf5 Rae8 19. Ref1 Nxc4 20. Nd5
Rxe3 21. Nxe3 Nxe3 22. Qxe3 Re8 23. Qd2 Qe6 24. b3 d5 25. h3 c6 26. R5f3 Qe2
27. R3f2 Qe7 28. Kh2 Qd6+ 29. g3 Re4 30. Qa5 Bxd4 31. Rf3 a6 32. Qd2 Qe6 33.
Qg2 Re2 34. R3f2 Bxf2 35. Rxf2 Rxf2 36. Qxf2 Qe4 37. h4 d4 38. Kh3 d3 39. h5
Qe2 40. Qf5 Qe6
0-1

[Event "TV2 Chess International"]
[Site "Fagernes"]
[Date "2015.12.27"]
[Round "8"]
[White "Postny, Evgeny"]
[Black "Mihajlov, Sebastian"]
[Result "1-0"]
[WhiteElo "2670"]
[BlackElo "2335"]
[PlyCount "69"]
[EventDate "2015.??.??"]

1. d4 d5 2. c4 c6 3. Nf3 Nf6 4. Nbd2 g6 5. e3 Bg7 6. b4 O-O 7. Be2 Nbd7 8. O-O
dxc4 9. Nxc4 Nb6 10. Na5 Qd5 11. Bb2 Rb8 12. Ne5 Bf5 13. a3 Nfd7 14. Nf3 Rfd8
15. Rc1 e5 16. dxe5 Be4 17. Qxd5 Bxd5 18. Rfd1 Re8 19. b5 Bxf3 20. gxf3 Bxe5
21. Bxe5 Rxe5 22. f4 Rd5 23. Rxd5 Nxd5 24. bxc6 bxc6 25. Nxc6 Rb2 26. Bf3 N5b6
27. Nxa7 Rb3 28. Ra1 Nc5 29. Nc6 Rb2 30. Nd4 Kg7 31. Bd1 Nba4 32. Bxa4 Nxa4 33.
Rc1 Ra2 34. Rc7 Kf6 35. e4 
1-0

[Event "TV2 Chess International"]
[Site "Fagernes"]
[Date "2015.12.27"]
[Round "8"]
[White "Prohaszka, Peter"]
[Black "Vovk, Yuri"]
[Result "1/2-1/2"]
[WhiteElo "2607"]
[BlackElo "2626"]
[PlyCount "57"]
[EventDate "2015.??.??"]

1. Nf3 Nf6 2. g3 b6 3. Bg2 Bb7 4. O-O e6 5. c4 Be7 6. d4 O-O 7. Re1 Na6 8. Nc3
d5 9. cxd5 exd5 10. Bg5 c5 11. dxc5 Nxc5 12. Nd4 Nfe4 13. Bxe7 Qxe7 14. Rc1 Qf6
15. f3 Nxc3 16. Rxc3 Rfe8 17. Qd2 Ne6 18. Nxe6 fxe6 19. Rc7 Re7 20. Rec1 Rae8
21. f4 Rxc7 22. Rxc7 Re7 23. Rc1 Re8 24. e3 Rc8 25. Rxc8+ Bxc8 26. e4 dxe4 27.
Bxe4 h6 28. Kf2 Qe7 29. Qd4 
1/2-1/2

[Event "TV2 Chess International"]
[Site "Fagernes"]
[Date "2015.12.27"]
[Round "8"]
[White "Urkedal, Frode Olav Olsen"]
[Black "Vovk, Andrey"]
[Result "0-1"]
[WhiteElo "2507"]
[BlackElo "2617"]
[PlyCount "102"]
[EventDate "2015.??.??"]

1. d4 f5 2. Bg5 h6 3. Bh4 g5 4. e3 Nf6 5. Bg3 d6 6. Nc3 e6 7. h4 Rg8 8. hxg5
hxg5 9. Bc4 Qe7 10. Nge2 a6 11. a3 b5 12. Ba2 c5 13. f3 Bb7 14. Qd2 c4 15. e4
fxe4 16. fxe4 Nxe4 17. Nxe4 Bxe4 18. Nc3 Bf5 19. O-O-O d5 20. Rde1 Qd7 21. Rhf1
Be7 22. Re5 Bg4 23. Nxd5 exd5 24. Qf2 Be6 25. Rfe1 Rg6 26. Qe2 Nc6 27. Rxe6
Qxe6 28. Qxe6 Rxe6 29. Rxe6 Nxd4 30. Re5 Rd8 31. c3 Nc6 32. Re1 d4 33. cxd4
Nxd4 34. Be5 Kf7 35. Rd1 Nb3+ 36. Bxb3 cxb3 37. Rf1+ Ke6 38. Re1 Rd3 39. Bc3+
Kd7 40. Be5 Bc5 41. Bf6 Be3+ 42. Kb1 Kc6 43. Rf1 Kd5 44. Re1 Bf4 45. Bc3 Rg3
46. Re2 Kc4 47. Re4+ Kc5 48. Re2 Re3 49. Rf2 Kc4 50. Bd2 Re4 51. Bc3 Kd3 
0-1

[Event "TV2 Chess International"]
[Site "Fagernes"]
[Date "2015.12.27"]
[Round "8"]
[White "Antal, Gergely"]
[Black "Rausis, Igors"]
[Result "0-1"]
[WhiteElo "2565"]
[BlackElo "2600"]
[PlyCount "68"]
[EventDate "2015.??.??"]

1. e4 e5 2. Nf3 Nc6 3. d4 exd4 4. Nxd4 Bb4+ 5. c3 Bc5 6. Be3 Bb6 7. Nf5 g6 8.
Bxb6 axb6 9. Ne3 Nf6 10. f3 O-O 11. c4 d5 12. cxd5 Nxe4 13. fxe4 Qh4+ 14. g3
Qxe4 15. Kf2 Qxh1 16. dxc6 Qxh2+ 17. Bg2 bxc6 18. Nd2 Rd8 19. Qc2 Qh6 20. Bxc6
Ra5 21. b4 Re5 22. Ndf1 Qg5 23. Rc1 h5 24. Bf3 Bh3 25. Qc3 c5 26. b5 h4 27. a4
Bxf1 28. Nxf1 hxg3+ 29. Kg2 Qf4 30. a5 Rde8 31. Rc2 Re2+ 32. Rxe2 Rxe2+ 33.
Bxe2 Qf2+ 34. Kh3 g2 
0-1

[Event "TV2 Chess International"]
[Site "Fagernes"]
[Date "2015.12.27"]
[Round "8"]
[White "Pavlovic, Milos"]
[Black "Gutsko, Anastasia"]
[Result "1-0"]
[WhiteElo "2496"]
[BlackElo "2177"]
[PlyCount "75"]
[EventDate "2015.??.??"]

1. g3 Nf6 2. Bg2 e6 3. Nf3 Be7 4. O-O O-O 5. c4 d5 6. d4 b6 7. cxd5 exd5 8. Nc3
Na6 9. Bf4 Bb7 10. Qc2 c5 11. Rad1 Nb4 12. Qb1 c4 13. Ne5 Qc8 14. Bg5 Rd8 15.
b3 cxb3 16. Qxb3 Qf5 17. Bxf6 gxf6 18. Nd3 Nxd3 19. Rxd3 Rac8 20. Rf3 Qd7 21.
Rf4 Rc4 22. Nd1 Qa4 23. Qe3 Bf8 24. Nb2 Qxa2 25. Nxc4 Qxc4 26. Rc1 Qa4 27. Rg4+
Kh8 28. Qf4 Bg7 29. Bh3 Qe8 30. Rh4 h6 31. Rxh6+ Bxh6 32. Qxh6+ Kg8 33. Bf5 Bc8
34. Qh7+ Kf8 35. Bxc8 Qxe2 36. Qh6+ Ke7 37. Rc7+ Kd6 38. Qf4+ 
1-0

[Event "TV2 Chess International"]
[Site "Fagernes"]
[Date "2015.12.27"]
[Round "8"]
[White "Turner, Matthew J"]
[Black "Hansen, Torbjørn R."]
[Result "1/2-1/2"]
[WhiteElo "2493"]
[BlackElo "2472"]
[PlyCount "101"]
[EventDate "2015.??.??"]

1. d4 Nc6 2. Bg5 d5 3. e3 f6 4. Bh4 Nh6 5. c4 e5 6. dxe5 Bb4+ 7. Nc3 d4 8. exd4
Qxd4 9. Qxd4 Nxd4 10. O-O-O Bxc3 11. bxc3 Ndf5 12. Bg3 Nxg3 13. hxg3 fxe5 14.
Nf3 Ng4 15. Rd2 O-O 16. c5 g6 17. Bc4+ Kg7 18. Ng5 h6 19. Ne4 Bf5 20. f3 Rad8
21. Re1 Nf6 22. Nxf6 Kxf6 23. Rb2 b6 24. Rbe2 Bd3 25. Bxd3 Rxd3 26. Kc2 Rd5 27.
cxb6 axb6 28. Re4 Ra8 29. a4 h5 30. g4 h4 31. g5+ Kxg5 32. Rg4+ Kf5 33. Rxh4
Rda5 34. Rc4 Rxa4 35. g4+ Kf6 36. Rxc7 Ra2+ 37. Kd3 Rd8+ 38. Ke3 Rd6 39. Rb1
Rc2 40. Rb5 Ke6 41. f4 exf4+ 42. Kxf4 Rf2+ 43. Kg5 Rf7 44. Rc4 Kd7 45. Rd4 Rxd4
46. cxd4 Kc6 47. Rb4 b5 48. Kxg6 Ra7 49. Kf6 Ra4 50. d5+ Kd6 51. Rxb5 
1/2-1/2

[Event "TV2 Chess International"]
[Site "Fagernes"]
[Date "2015.12.27"]
[Round "8"]
[White "Machlik, Edit"]
[Black "Getz, Nicolai"]
[Result "0-1"]
[WhiteElo "2034"]
[BlackElo "2410"]
[PlyCount "90"]
[EventDate "2015.??.??"]

1. d4 Nf6 2. c4 e6 3. Nc3 Bb4 4. Qc2 O-O 5. a3 Bxc3+ 6. Qxc3 d6 7. f3 Qe8 8. e4
e5 9. d5 Nfd7 10. Be3 f5 11. exf5 e4 12. f4 Nc5 13. g4 a5 14. Nh3 Nd3+ 15. Bxd3
exd3 16. Qxd3 h5 17. Ng5 hxg4 18. Ne6 Qh5 19. Nxf8 Kxf8 20. O-O-O Bxf5 21. Qc3
Nd7 22. Bd4 Qh6 23. Rhf1 Kf7 24. Qd2 Nf8 25. Rde1 Ng6 26. Re3 b6 27. Rfe1 Rf8
28. R3e2 Kg8 29. Rf1 Qh3 30. Rfe1 Rf7 31. Re3 Qh6 32. Re8+ Kh7 33. Rf1 Qh3 34.
Rfe1 Qb3 35. Qc3 Qa2 36. Kd2 b5 37. cxb5 Qxd5 38. a4 Nxf4 39. R1e7 Qg2+ 40. Kd1
Nd5 41. Qc6 Qf1+ 42. Re1 Qd3+ 43. Kc1 Nb4 44. Rh8+ Kxh8 45. Bxg7+ Kh7 
0-1

[Event "TV2 Chess International"]
[Site "Fagernes"]
[Date "2015.12.27"]
[Round "8"]
[White "Merkesvik, Sondre"]
[Black "Kaasen, Tor Fredrik"]
[Result "1-0"]
[WhiteElo "2190"]
[BlackElo "2168"]
[PlyCount "53"]
[EventDate "2015.??.??"]

1. d4 Nf6 2. Nf3 g6 3. g3 Bg7 4. Bg2 O-O 5. O-O d6 6. b4 Nbd7 7. Bb2 Nb6 8.
Nbd2 Na4 9. Qc1 Nd5 10. c3 c5 11. e4 cxd4 12. Nxd4 Bxd4 13. cxd4 Nxb4 14. Ba3
Nc6 15. Qc2 Qa5 16. Nb3 Qh5 17. f4 Bh3 18. d5 Nb8 19. Nd4 Nb6 20. Qc7 N8d7 21.
Qxb7 Nf6 22. Qxe7 Bxg2 23. Qxf6 Bxf1 24. Bb2 Nd7 25. Qg7+ Kxg7 26. Nf5+ Kg8 27.
Ne7# 
1-0

[Event "TV2 Chess International"]
[Site "Fagernes"]
[Date "2015.12.27"]
[Round "8"]
[White "Ranaldi, Lucas"]
[Black "Nordquelle, Daniel"]
[Result "1/2-1/2"]
[WhiteElo "2140"]
[BlackElo "2115"]
[PlyCount "62"]
[EventDate "2015.??.??"]

1. d4 Nf6 2. c4 c5 3. d5 e6 4. Nc3 exd5 5. cxd5 d6 6. Nf3 a6 7. a4 g6 8. Bf4
Bg7 9. h3 O-O 10. e3 Ne8 11. Be2 Nd7 12. O-O Qe7 13. Nd2 Ne5 14. Re1 f5 15. Bh2
Rb8 16. a5 b5 17. axb6 Rxb6 18. Qc2 g5 19. f4 gxf4 20. exf4 Ng6 21. Bb5 Qf7 22.
Bxe8 Rxe8 23. Nc4 Bd4+ 24. Kh1 Rxe1+ 25. Rxe1 Rb7 26. Nxd6 Re7 27. Re2 Qf8 28.
Nxc8 Qxc8 29. Rxe7 Nxe7 30. Ne2 Qd7 31. Nxd4 cxd4 
1/2-1/2

[Event "TV2 Chess International"]
[Site "Fagernes"]
[Date "2015.12.27"]
[Round "9"]
[White "Vovk, Yuri"]
[Black "Merkesvik, Sondre"]
[Result "1-0"]
[WhiteElo "2626"]
[BlackElo "2190"]
[PlyCount "43"]
[EventDate "2015.??.??"]

1. d4 Nf6 2. Nf3 g6 3. Nbd2 d5 4. e3 Bg7 5. b4 O-O 6. c4 c6 7. Bb2 Nbd7 8. Be2
dxc4 9. Nxc4 Nd5 10. a3 N7b6 11. Na5 Rb8 12. Ne5 Nd7 13. Nd3 Qc7 14. Rc1 e5 15.
Bf3 N5b6 16. d5 e4 17. Bxg7 Kxg7 18. Bxe4 Nf6 19. dxc6 bxc6 20. Bxc6 Rd8 21.
Bf3 Qd6 22. Nc6 1-0

[Event "TV2 Chess International"]
[Site "Fagernes"]
[Date "2015.12.27"]
[Round "9"]
[White "Vovk, Andrey"]
[Black "Pavlovic, Milos"]
[Result "0-1"]
[WhiteElo "2617"]
[BlackElo "2496"]
[PlyCount "84"]
[EventDate "2015.??.??"]

1. e4 e5 2. Nf3 Nc6 3. Bc4 Nf6 4. d3 h6 5. O-O d6 6. c3 g6 7. d4 Qe7 8. Bb5 Bd7
9. dxe5 Nxe5 10. Bxd7+ Nexd7 11. Bf4 Bg7 12. Nbd2 O-O 13. Re1 Rfe8 14. Qc2 Rad8
15. h3 Nc5 16. e5 dxe5 17. Nxe5 Ne6 18. Bh2 Nd7 19. Ndf3 Nxe5 20. Bxe5 Ng5 21.
Nxg5 hxg5 22. Bxg7 Qxe1+ 23. Rxe1 Rxe1+ 24. Kh2 Kxg7 25. Kg3 c5 26. h4 gxh4+
27. Kxh4 Red1 28. Qe4 R1d4 29. cxd4 Rxd4 30. Qxd4+ cxd4 31. Kg3 f5 32. Kf3 Kf6
33. Ke2 Ke5 34. Kd3 g5 35. Ke2 g4 36. Kd3 b6 37. Ke2 Ke4 38. Kd2 d3 39. Kd1 g3
40. fxg3 Ke3 41. Ke1 d2+ 42. Kd1 Kd3 0-1

[Event "TV2 Chess International"]
[Site "Fagernes"]
[Date "2015.12.27"]
[Round "9"]
[White "Kaasen, Tor Fredrik"]
[Black "Prohaszka, Peter"]
[Result "0-1"]
[WhiteElo "2168"]
[BlackElo "2607"]
[PlyCount "44"]
[EventDate "2015.??.??"]

1. d4 d5 2. c4 dxc4 3. Nf3 a6 4. e4 b5 5. a4 Bb7 6. axb5 axb5 7. Rxa8 Bxa8 8.
Nc3 c6 9. e5 e6 10. Bg5 Qb6 11. Be3 Bb4 12. Ng5 Qa5 13. Bd2 Ne7 14. Qh5 Qa1+
15. Nd1 Bxd2+ 16. Kxd2 Ng6 17. Qf3 O-O 18. Qh5 Rd8 19. Qxh7+ Kf8 20. Be2 Qa5+
21. Kc2 Rxd4 22. Bh5 Qd2+ 0-1

[Event "TV2 Chess International"]
[Site "Fagernes"]
[Date "2015.12.27"]
[Round "9"]
[White "Hansen, TorbjÃ¸rn R"]
[Black "Rausis, Igors"]
[Result "1/2-1/2"]
[WhiteElo "2472"]
[BlackElo "2600"]
[PlyCount "20"]
[EventDate "2015.??.??"]

1. e4 e5 2. Nf3 Nc6 3. Bb5 Nf6 4. O-O Nxe4 5. Re1 Nd6 6. Nxe5 Be7 7. Bf1 Nxe5
8. Rxe5 O-O 9. d4 Bf6 10. Re1 Nf5 1/2-1/2

[Event "TV2 Chess International"]
[Site "Fagernes"]
[Date "2015.12.27"]
[Round "9"]
[White "Gutsko, Anastasia"]
[Black "Antal, Gergely"]
[Result "0-1"]
[WhiteElo "2177"]
[BlackElo "2565"]
[PlyCount "54"]
[EventDate "2015.??.??"]

1. e4 d5 2. exd5 Qxd5 3. Nc3 Qd6 4. d4 Nf6 5. Nf3 g6 6. Be3 Bg7 7. Qd2 O-O 8.
Bf4 Qd8 9. Bh6 c6 10. Bxg7 Kxg7 11. Be2 Qd6 12. Ne5 Nbd7 13. Nc4 Qc7 14. h4 b5
15. Ne3 Nb6 16. Bf3 Rd8 17. Nxb5 cxb5 18. Bxa8 Nxa8 19. O-O-O Nb6 20. h5 Nxh5
21. g4 Nf4 22. Kb1 e5 23. Qb4 Bb7 24. Rhe1 Bf3 25. Rd2 Nbd5 26. Nxd5 Nxd5 27.
Qb3 e4 0-1

[Event "TV2 Chess International"]
[Site "Fagernes"]
[Date "2015.12.27"]
[Round "9"]
[White "Nordquelle, Daniel"]
[Black "Urkedal, Frode Olav Olsen"]
[Result "0-1"]
[WhiteElo "2115"]
[BlackElo "2507"]
[PlyCount "60"]
[EventDate "2015.??.??"]

1. e4 e6 2. d4 d5 3. Nc3 Nf6 4. Bg5 dxe4 5. Nxe4 Be7 6. Bxf6 gxf6 7. c3 f5 8.
Ng3 c5 9. dxc5 Qxd1+ 10. Rxd1 Bxc5 11. Nf3 Nc6 12. Bb5 Bd7 13. O-O Rg8 14. Nd4
a6 15. Bxc6 bxc6 16. Rfe1 Be7 17. Nf3 f6 18. b4 f4 19. Ne4 e5 20. Kf1 O-O-O 21.
Nfd2 Be6 22. Nb3 Bc4+ 23. Kg1 Bd5 24. f3 Rg7 25. Kh1 Rdg8 26. Rd2 f5 27. Nec5
Bh4 28. Rf1 e4 29. Na5 exf3 30. gxf3 Bxf3+ 0-1

[Event "TV2 Chess International"]
[Site "Fagernes"]
[Date "2015.12.27"]
[Round "9"]
[White "Getz, Nicolai"]
[Black "Ranaldi, Lucas"]
[Result "1-0"]
[WhiteElo "2410"]
[BlackElo "2140"]
[PlyCount "85"]
[EventDate "2015.??.??"]

1. d4 Nf6 2. c4 e6 3. Nf3 Bb4+ 4. Nbd2 O-O 5. a3 Be7 6. e4 d5 7. e5 Nfd7 8. Bd3
c5 9. h4 g6 10. h5 Nc6 11. hxg6 fxg6 12. Qc2 Qe8 13. cxd5 exd5 14. Bb5 Nxd4 15.
Nxd4 cxd4 16. O-O Qf7 17. Nf3 Nc5 18. Nxd4 a6 19. Be2 Ne6 20. Be3 Bd7 21. Qb3
Nxd4 22. Bxd4 Bc6 23. Rad1 Qe6 24. Qg3 Qf5 25. Bg4 Qf4 26. Qh3 h5 27. Bd7 Kh7
28. Bxc6 bxc6 29. Qd7 Qf7 30. Qxc6 Rfc8 31. Qd7 Rd8 32. Qh3 Rac8 33. Rd3 Rc6
34. Rfd1 Bg5 35. Bc3 Kg8 36. g3 Be7 37. Qg2 Qe6 38. Rxd5 Rxd5 39. Rxd5 Bxa3 40.
Rd8+ Bf8 41. Qf3 Qe7 42. Rxf8+ Qxf8 43. Qxc6 1-0